Út a Slánský-perhez a "szlovák burzsoá nacionalisták" ügye : [absztrakt] /

Elmentve itt :
Bibliográfiai részletek
Szerző: Bessenyei Vanda
Testületi szerző: Szegedi Történészhallgatók Egyesületének konferenciája (5.)
Dokumentumtípus: Könyv része
Megjelent: Belvedere Meridionale Szeged 2023
Sorozat:Szegedi Történészhallgatók Egyesületének Konferenciái 5
Kulcsszavak:Politikai per - Csehszlovákia - 1948-1954 - előadáskivonat, Politikai terror - Csehszlovákia - előadáskivonat, Csehszlovákia története - 1950-es évek - előadáskivonat, Vladimír Clementis - előadáskivonat
Tárgyszavak:
Online Access:http://acta.bibl.u-szeged.hu/86250
LEADER 01121naa a2200217 i 4500
001 acta86250
005 20250113095110.0
008 250113s2023 hu o 100 hun d
020 |a 978-615-6060-68-6 
040 |a SZTE Egyetemi Kiadványok Repozitórium  |b hun 
041 |a hun 
100 1 |a Bessenyei Vanda 
245 1 0 |a Út a Slánský-perhez  |h [elektronikus dokumentum] :  |b a "szlovák burzsoá nacionalisták" ügye : [absztrakt] /  |c  Bessenyei Vanda 
260 |a Belvedere Meridionale  |b Szeged  |c 2023 
300 |a 5 
490 0 |a Szegedi Történészhallgatók Egyesületének Konferenciái  |v 5 
650 4 |a Bölcsészettudományok 
650 4 |a Történettudomány és régészet 
695 |a Politikai per - Csehszlovákia - 1948-1954 - előadáskivonat, Politikai terror - Csehszlovákia - előadáskivonat, Csehszlovákia története - 1950-es évek - előadáskivonat, Vladimír Clementis - előadáskivonat 
711 |a Szegedi Történészhallgatók Egyesületének konferenciája (5.)  |c Szeged  |d 2023. március 30-31. 
856 4 0 |u http://acta.bibl.u-szeged.hu/86250/1/SZETE_absztraktkotet_005_005.pdf  |z Dokumentum-elérés